Statistics for 1990s Movie Taglines Quiz

Click here to take the quiz!

General Stats

  • This quiz has been taken 32,491 times
    (25,223 since last reset)
  • The average score is 9 of 17

Answer Stats

YearTaglineMovie% Correct
1994Life is like a box of chocolates... you never know what you're gonna get.Forrest Gump
91%
1995Houston, we have a problem.Apollo 13
84%
1995Seven deadly sins. Seven ways to die.Se7en
80%
1999In a world of 1s and 0s... are you a zero, or The One?The Matrix
78%
1995A little pig goes a long way.Babe
78%
1990Who knew it was so much fun to be a hooker?Pretty Woman
71%
1993An adventure 65 million years in the making.Jurassic Park
66%
1995Five criminals. One line-up. No coincidence.The Usual Suspects
63%
1993A husband. A wife. A millionaire. A proposal.Indecent Proposal
50%
1994Fear can hold you prisoner. Hope can set you free.The Shawshank Redemption
45%
199127 banks in three years - anything to catch the perfect wave!Point Break
43%
1995Sex. Clothes. Popularity. Whatever.Clueless
42%
1998Earth. It was fun while it lasted.Armageddon
42%
1993The list is life.Schindler's List
41%
1993It was the last day of school in 1976, a time they'd never forget...
if only they could remember.
Dazed and Confused
29%
1992Never let her out of your sight. Never let your guard down. Never fall in love.The Bodyguard
26%
1995Every man dies, not every man really lives.Braveheart
22%

Score Distribution

Percentile by Number Answered

Percent of People with Each Score

Your Score History

You have not taken this quiz since the last reset